Die Reflexiva u<*bu im Türkischen

Elmentve itt :
Bibliográfiai részletek
Szerző: Räsänen Martti
Dokumentumtípus: Cikk
Megjelent: 1962
Sorozat:Mémoires de la Société Finno-Ougrienne
Kulcsszavak:Török nyelv - alaktan
Tárgyszavak:
Online Access:http://misc.bibl.u-szeged.hu/64349
LEADER 00752nab a2200229 i 4500
001 misc64349
005 20230629135753.0
008 230524s1962 hu o 0|| ger d
040 |a SZTE Miscellanea Repozitórium  |b hun 
041 |a ger 
100 1 |a Räsänen Martti 
245 1 4 |a Die Reflexiva u<*bu im Türkischen  |h [elektronikus dokumentum] /  |c  Räsänen Martti 
260 |c 1962 
300 |a 441-442  |c 25 cm 
300 |a [2] p.  |c 25 cm 
490 0 |a Mémoires de la Société Finno-Ougrienne 
561 |a Németh Gyula hagyaték 
591 |a NOA 4788 
650 4 |a Bölcsészettudományok 
650 4 |a Nyelvek és irodalom 
695 |a Török nyelv - alaktan 
856 4 0 |u http://misc.bibl.u-szeged.hu/64349/1/4788_noa.pdf  |z Dokumentum-elérés